| 000 | 00592naa a2200181 4500 | ||
|---|---|---|---|
| 001 | 110267 | ||
| 003 | ES-MaBCM | ||
| 005 | 20241127154255.0 | ||
| 008 | 050808s2005 esp|r0p 0 ||spa d | ||
| 021 | _axx | ||
| 035 | _a(OCoLC)1365227321 | ||
| 040 | _cES-MaBCM | ||
| 100 | 1 |
_aMansilla, H.C.F. _928703 |
|
| 245 | 0 | 0 |
_aDe la aristocracia tradicional a las modernas élites funcionales en el terreno político _cH. C. F. Mansilla |
| 650 | 1 | 7 |
_aÉlite política _958512 |
| 773 | 0 |
_aEn: _t. Revista de estudios políticos _dMadrid _gN. 128 (abr.-jun. 2005), p. 179-191 _w104532 |
|
| 942 | _cAREV | ||
| 999 |
_c110267 _d110267 |
||